Вып. 45 : Обеспечивающие подсистемы РАСУ; Вопросы Республиканской автоматизированной системы управления (РАСУ)

Bibliografske podrobnosti
Parent link:Вопросы Республиканской автоматизированной системы управления (РАСУ): сборник научных трудов/ Академия наук Узбекской ССР (АН УзССР). Вып. 45 : Обеспечивающие подсистемы РАСУ.— , 1976-1990
Drugi avtorji: Муминов Н. А. (редактор)
Jezik:ruščina
Izdano: 1987
Teme:
Format: Knjiga
KOHA link:https://koha.lib.tpu.ru/cgi-bin/koha/opac-detail.pl?biblionumber=274041

MARC

LEADER 00000nam2a2200000 4500
001 274041
005 20231031230208.0
035 |a (RuTPU)RU\TPU\book\297251 
090 |a 274041 
100 |a 20141030d1987 k y0rusy50 ca 
101 0 |a rus 
102 |a UZ 
105 |a y z 001zy 
200 0 |a Вып. 45 : Обеспечивающие подсистемы РАСУ  |f под ред. Н. А. Муминова 
210 |d 1987 
215 |a 136 с. 
320 |a Библиогр. в конце ст. 
461 1 |0 (RuTPU)RU\TPU\book\218517  |t Вопросы Республиканской автоматизированной системы управления (РАСУ)  |o сборник научных трудов  |f Академия наук Узбекской ССР (АН УзССР)  |v Вып. 45 : Обеспечивающие подсистемы РАСУ  |d 1976-1990 
606 1 |a Автоматизированные системы управления  |x республиканские  |2 stltpush  |3 (RuTPU)RU\TPU\subj\716 
610 1 |a подсистемы 
610 1 |a сельскохозяйственное производство 
610 1 |a транспорт 
610 1 |a органы государственного управления 
610 1 |a оптимизация 
610 1 |a математическое обеспечение 
610 1 |a диалоговые системы 
675 |a 658.012.011.56  |v 3 
702 1 |a Муминов  |b Н. А.  |4 340 
801 1 |a RU  |b 63413507  |c 20141030 
801 2 |a RU  |b 63413507  |c 20151211  |g RCR 
942 |c BK